Tabulae Geographicae, Quibus Totus Terrarum orbis ita perspicue traditur, Ut facili negotio Tirones illarum beneficio Ex Mappis Geographicis Situm Imperiorum, Regnorum, Urbium, Fluviorum, montiumque agnoscere atque distinguere queant. Germania Inprimis paulo diffusius per Circulos in quos dividi solet, Proponitur, simulque via sternitur illis, qui Notitiam Imperii Germanici Addiscere aliquando cupiunt. Praemittuntur Tabulae Praeliminares. Tanquam Introductio quaedam in cognatas scientias, De Historia in genere: Historia Ecclesiastica: Arte Historica: Chronologia: atque arte Genealogica, Auctore Joh. Gerhardo Arnoldo, Gymnasii Francofurtensis, quod est ad Moenum, Rectore.

Bibliographic Details
Main Author: Arnold, Johann Gerhard 1637-1717 (Author of introduction, etc.)
Corporate Authors: s. n. (Printer), Knoch, Friedrich (Publisher, Bookseller), knižnice - Knižnica Právnickej akadémie (Signer), jezuiti - kolégium (Signer)
Other Authors: Vossius, Gerardus Joannes 1577-1649 (Other)
Format: Book
Language:Latin
Published: Francofurti, Sumtibus Friderici Knochii, Bibliopolae. Anno M DC XCVIII. [=1698]
Subjects:
Call Number: Sz 19 PA
LEADER 02722nam a2200433 4500
001 000009708
005 20130809153115.0
008 130809s1698 gw e lat
FMT
040 |a SVKKK  |b slo  |c SVKKK  |e AACR2 
041 0 |a lat 
044 |a gw  |c DE 
080 |a 914 
100 1 |a Arnold, Johann Gerhard  |d 1637-1717  |4 aut 
245 1 0 |a Tabulae Geographicae,  |b Quibus Totus Terrarum orbis ita perspicue traditur, Ut facili negotio Tirones illarum beneficio Ex Mappis Geographicis Situm Imperiorum, Regnorum, Urbium, Fluviorum, montiumque agnoscere atque distinguere queant. Germania Inprimis paulo diffusius per Circulos in quos dividi solet, Proponitur, simulque via sternitur illis, qui Notitiam Imperii Germanici Addiscere aliquando cupiunt. Praemittuntur Tabulae Praeliminares. Tanquam Introductio quaedam in cognatas scientias, De Historia in genere: Historia Ecclesiastica: Arte Historica: Chronologia: atque arte Genealogica, Auctore Joh. Gerhardo Arnoldo, Gymnasii Francofurtensis, quod est ad Moenum, Rectore. 
260 |a Francofurti,  |b Sumtibus Friderici Knochii, Bibliopolae.  |c Anno M DC XCVIII. [=1698] 
300 |a [4],147,[1] s. [2],A/2-Z/2,Aa/2-Oo/2 [=76] list.  |c 2°. 32,5x21 cm 
500 |a V texte sa vyskytuje i nem. jazyk. 
500 |a Signet vydavateľa (dve postavy žien, v strede monogram, devíza: "Spes Sola Deus"), vinety ornam., vlys ornam., linky ozdobné, linka, inic. s ornam. pozadím vo voľ. priestore na 4, 5 r., tab., typograf. ozdoby, kustódy 
500 |a Chybné stránkovanie: nam. s. 125 je s. 127. 
508 |a Na zl. [1]b "Vossius de Ratione Studiorum." Na zl. [2] nesignov. úvod autora čitateľovi. 
510 4 |a VD 17 (27:719160K); VKOL (649.931); GBV; COPAC; ONB 
561 |a Peč.: Štátna vedecká knižnica v Košiciach - K. K. Rechtsakad. Bibliothek In Kaschau. Tlač. exlibris: Kassai királyi jogakademia Könyvtára Szekrény szám XVII Osztályzat c. Rkp.: Inscriptus Collegio Cassoviensi S. J. 1766. 
563 |a Lepenka, dosky - mramor. čiernosivý papier, chrbát - hnedá textília, na chrbte nalepený štítok s rkp.: "Arnoldi Tabul Geogr." 
653 1 |a geografia 
653 1 |a Európa 
700 1 |a Arnold, Johann Gerhard  |d 1637-1717  |4 aui 
700 1 |a Vossius, Gerardus Joannes  |d 1577-1649  |4 oth 
710 0 |a s. n.  |c Frankfurt am Main  |4 prt 
710 0 |a Knoch, Friedrich  |c Frankfurt am Main  |d 1678-1721  |4 pbl  |4 bsl 
710 0 |a knižnice - Knižnica Právnickej akadémie  |c Košice  |4 sgn 
710 0 |a jezuiti - kolégium  |c Košice  |4 sgn 
752 |a Nemecko  |d Frankfurt am Main 
852 |p Sz 19 PA 
904 |a cf--y---azz------yyyb-0101-- 
905 |a dfga0dd-  |5 ------- 
910 |a svkkk 
998 |a ST17 
BAS